Click the Asian Flags - Statistics

General Stats
  • This quiz has been taken 7,780 times
  • The average score is 38 of 48
Answer Stats
Hint Answer % Correct
Japan
92%
South Korea
91%
India
91%
Israel
91%
Turkey
90%
China
90%
Cyprus
89%
Nepal
88%
Georgia
87%
Pakistan
87%
Vietnam
87%
Lebanon
86%
North Korea
86%
Saudi Arabia
86%
Bangladesh
85%
Philippines
84%
Sri Lanka
84%
Taiwan
83%
Kazakhstan
83%
Malaysia
83%
Bhutan
83%
Thailand
82%
Qatar
82%
Mongolia
81%
Singapore
81%
Indonesia
81%
Cambodia
81%
Afghanistan
80%
Myanmar
78%
Armenia
78%
Laos
78%
Iran
78%
Brunei
76%
Azerbaijan
75%
Iraq
75%
Maldives
74%
Syria
74%
East Timor
73%
Uzbekistan
73%
Bahrain
73%
Turkmenistan
72%
Kyrgyzstan
72%
United Arab Emirates
71%
Yemen
70%
Kuwait
69%
Jordan
67%
Oman
66%
Tajikistan
63%
No matching quizzes found
Score Distribution
Percent of People with Each Score
Percentile by Number Answered
Your Score History
You have not taken this quiz